000 03100cam a22005774i 4500
003 PE-LiUPU
005 20250731172814.0
008 150617s1950 flua r 000 0 spa d
035 _a(Sirsi) a13750
040 _aPE-LiUPU
_bspa
_cPE-LiUPU
_dPE-LiUPU
_erda
049 _aPRUA
082 0 4 _a224
_bCH15
_221
082 0 4 _a224
_bCH15 1950
100 1 _aChaij, Fernando,
_eautor.
245 1 3 _aEl desenlance del drama mundial /
_cFernando Chaij.
264 1 _aFlorida :
_bCasa editora Sudamericana,
_c1950.
300 _a456 páginas :
_bilustraciones ;
_c22 centímetros
336 _atext
_2rdacontent
337 _aunmediated
_2rdamedia
338 _avolume
_2rdacarrier
505 0 _aLúgubres fulgores de nuestra era atómica -- El clamor de un mundo en llamas -- El testimonio irrecusable de la historia -- La asombrosa intervención de una gran potencia -- Un faro que brilla en las tinieblas -- Un yunque indestructible -- El destino de las grandes naciones -- Frente a la mayor revolución social -- Oriente y occidente -- El glorioso amanecer -- El choque de los imperios -- Un vaticinio profético de asombrosa precisión -- El juicio más espectacular de la historia -- Un anuncio de extraordinaria importancia -- Un código inmutable y secular -- El oasis para las fatigas humanas -- La mayor necesidad del mundo -- Hacia la cumbre -- Fulgores de un mundo nuevo.
526 _aSEG42
526 _aSEG41
526 _aSEG40
526 _aSEG39
526 _aP94
526 _aP87
526 _aP86
526 _aP85
526 _aP77
526 _aP76
526 _aP35
650 0 4 _aEscatología.
_95923
650 0 4 _aGuerra Mundial II, 1939-1945.
910 _ajck
_bjvq
_cjck
_d20150616
910 _btqv
_cwelc
_d20171227
942 _2ddc
_cBOOK
994 _aC0
_bPEPRU
596 _a1 3 4
999 _a224 CH15
_wDEWEY
_c4152
_i14479
_f2021-11-11
_g5
_lCCODEBUL1
_mBUL
_r0
_sY
_tBOOK
_u2015-6-17
_xTEOLOGIA
_PP35
_0COMPRA
_o.STAFF. Colección General
_d4152
999 _a224 CH15
_wDEWEY
_c3
_i30992
_f2021-11-11
_g5
_lCCODEBUL1
_mBUL
_p30.00
_r0
_sY
_tBOOK
_u2015-6-17
_xTEOLOGIA
_PP35
_0COMPRA
_o.STAFF. Colección Teología
999 _a224 CH15
_wDEWEY
_c4
_i00652
_f2021-11-11
_g5
_lCCODEBUL1
_mBUL
_p30.00
_r0
_sY
_tBOOK
_u2015-6-17
_xTEOLOGIA
_PP35
_0COMPRA
_o.STAFF. Colección Teología
999 _a224 CH15 1950
_wDEWEY
_c1
_iFJ09816
_f2022-2-3
_g4
_lCCODEBUJ1
_mBUJ
_p12.50
_r0
_sY
_tBOOK
_u2017-12-27
_xBIBLIOTECA
_zUNKNOWN
_0DONACION
_o.STAFF. Colección General Juliaca
999 _a224 CH15 1950
_wDEWEY
_c2
_iFJ09817
_f2022-2-3
_g4
_lCCODEBUJ1
_mBUJ
_p12.50
_r0
_sY
_tBOOK
_u2017-12-27
_xBIBLIOTECA
_zUNKNOWN
_0DONACION
_o.STAFF. Colección General Juliaca
999 _a224 CH15
_wDEWEY
_c1
_i34559
_f2019-12-10
_g4
_lCCODECWL1
_mBWL
_r1
_sY
_tBOOK
_u2015-6-17
_xTEOLOGIA
_PP35
_0COMPRA
_o.STAFF. Colección General
980 _81
_gALBERTO SANCHEZ Responsable de Automatización